000 00406nam a2200157Ia 4500
008 230524s9999 xx 000 0 und d
020 _a8173193185
082 _bJOS
100 _aK.W.Joshi
245 0 _aCalculus for Scientists and Engineers : An Analytical Approach
260 _aNEW DELHI
_bNarosa
_c2004
300 _aXIII;797
500 _aQuantity Number: 2
650 _aMathematics
942 _cBK
999 _c4841
_d4841